000 00475nam a2200169Ia 4500
003 GCL
008 140319s9999 xx 000 0 eng d
040 _aGCL /
_cGCL
082 0 4 _a603
_bG T
100 1 _aGERRISH, HOWARD H.
245 1 0 _aTECHNICAL DICTIONARY: TECHNICAL TERMS SIMPLIFIED /
_cGERRISH, HOWARD H.
260 _a[S.N] :
_bTHE GOOD HEART-WILLCOX COMPANY, INC ،
_c1982
300 _a368 P
650 0 4 _aDICTIONARIES
650 0 4 _aTECHNOLOGY
942 _2ddc
_cREF
999 _c26525
_d26525